| 000 | 00000nam##2200000za#4500 |
| 001 | 9.651515 |
| 003 | CaOODSP |
| 005 | 20210615115032 |
| 007 | ta |
| 008 | 150407|2009||||xxc||||| f|0| 0 eng|d |
| 020 | |a978-1-100-12082-9 |
| 040 | |aCaOODSP|beng |
| 043 | |an-cn--- |
| 086 | 1 |aM4-59/7-2009E |
| 110 | 1 |aCanada.|bNatural Resources Canada. |bEarth Sciences Sector. |
| 245 | 10|aPlate tectonics continue to shape (and shake) British Columbia |
| 260 | |aSidney - British Columbia : |bNatural Resources Canada. |cc2009. |
| 300 | |a[2]p. : |bcoloured figs., coloured map ; |c28 cm. |
| 500 | |aIncorrect catalogue number (M4-59/8-2009E) printed on this publication. |
| 563 | |aProcessed |
| 590 | |a09-40|b2009-10-02 |
| 690 | 07|aEarthquakes|2gcpds |
| 775 | 08|tLa tectonique des plaques continue de modeler (et de secouer) la Colombie-Britannique |w(CaOODSP)9.684539 |
| 776 | 0#|tPlate tectonics shape (and shake) British Columbia |w(CaOODSP)9.835403 |
| 986 | |aQP4500192853 |